Vízie budúceho prostredia public relations na kongrese IPRA

Podrobná bibliografia
Hlavný autor: Žáry, Ivan, 1951- (Autor)
Médium: Článok
Jazyk:slovenčina
Predmet:

MARC

LEADER 00000nab a2200000 a 4500
001 vtls000628984
003 SK-MaSNL
005 20260303192107.0
008 160401c1997 xo 0 slo
015 |a SNBRB19rr/mm-uuuuu 
035 |a CL0629123 
040 |a SNKBUCL  |b slo  |c SNKBUCL  |e AACR2 
041 0 |a slo 
044 |a xo  |c SK 
080 |a 659.4:061.2(100):061.3  |2 1981 
100 1 |a Žáry, Ivan,  |d 1951-  |4 aut  |9 37241 
245 1 0 |a Vízie budúceho prostredia public relations na kongrese IPRA  |c Ivan Žáry 
650 0 7 |a public relations  |2 snkbucl 
650 0 7 |a Medzinárodná asociácia public relations  |2 snkbucl  |9 1222223 
655 7 |a články z novín a časopisov  |2 snkbucl  |9 267496 
773 0 |t Trend  |g Č. 27 (1997), s. 13A 
850 |a Slovenská národná knižnica v Martine  |a MTA001 
852 |a SNK  |b KIS3GCP 
958 |a RK 
958 |a RBX 
999 |c 2144413  |d 2146343